000 00784nam a2200241 a 4500
001 000013924
005 20240530073932.0
008 091202t2002 dr 000 e spa d
020 _a9993461458
040 _aDO-SdBNP
_bspa
_cBNPHU
082 _aRD864.44
_bE77e
100 1 _aEspinosa Martínez, César,
_d1948-
_931554
245 1 0 _aEspejo interior /
_cCésar Espinosa Martínez.
260 _aSanto Domingo :
_bCocolo,
_c2002.
_fBúho
300 _a190 p. ;
_c22 cm.
650 0 _aEnsayos dominicanos
_965
650 4 _aDiarios dominicanos
_xSecciones, columnas, etc.
_944
650 4 _aPolítica y cultura
_98455
650 0 _aLiteratura dominicana.
_967
730 0 _aÚltima Hora (República Dominicana)
_920930
910 _aValidado. Control de calidad EMS
049 _aBNPD
999 _c13529
_d13529